000 00316nam a22001337a 4500
008 170628b xxu||||| |||| 00| 0 eng d
020 _a9780312589974
041 _aeng
080 _25 ED
_a82
100 _a22
101 _aGJL
245 _aTHE INVESTIGATETIVE REPORTS HAND BOOK
_cHOSTON.B
942 _2udc
_cBK
999 _c19428
_d19428